[Event "BL 2425 FC St. Pauli - SV Deggendorf"]
[Site "?"]
[Date "2025.04.27"]
[Round "15.7"]
[White "Delchev, Aleksander"]
[Black "Sawatzki, Frank"]
[Result "1-0"]
[WhiteElo "2455"]
[BlackElo "2342"]
[PlyCount "68"]
[EventDate "2025.??.??"]

1. e4 c5 2. Nf3 Nc6 3. d4 cxd4 4. Nxd4 Nf6 5. Nc3 e5 6. Ndb5 d6 7. Bg5 a6 8. Na3 b5 9. Nd5 Be7 10. Bxf6 Bxf6 11. c4 b4 12. Nc2 a5 13. g3 O-O 14. Bg2 g6 15. Nxf6+ Qxf6 16. O-O Qe7 17. Qd2 Be6 18. b3 Rfd8 19. f4 exf4 20. gxf4 f6 21. Ne3 Bf7 22. Kh1 Qa7 23. Rad1 Rac8 24. Ng4 Kg7 25. Qb2 Qe7 26. e5 dxe5 27. Rxd8 Qxd8 28. fxe5 Qd4 29. exf6+ Kf8 30. Qc1 Qxg4 31. Qh6+ Ke8 32. Re1+ Kd8 33. Qf8+ Kc7 34. Qxf7+ Kb6 1-0

[Event "BL 2425 FC St. Pauli - SV Deggendorf"]
[Site "?"]
[Date "2025.04.27"]
[Round "15.8"]
[White "Voigt, Martin"]
[Black "Sedlak, Nikola"]
[Result "0-1"]
[WhiteElo "2337"]
[BlackElo "2452"]
[PlyCount "74"]
[EventDate "2025.??.??"]

1. e4 c5 2. Nf3 d6 3. Bb5+ Bd7 4. Bxd7+ Nxd7 5. O-O Ngf6 6. Qe2 e6 7. c3 Be7 8. d4 O-O 9. Nbd2 cxd4 10. cxd4 Rc8 11. Re1 Qc7 12. Nf1 Qc2 13. Ng3 Nb6 14. b3 d5 15. e5 Ne4 16. Nxe4 dxe4 17. Qxe4 Bb4 18. Qxc2 Rxc2 19. Rd1 Bc3 20. Rb1 Rxa2 21. Bd2 Rc8 22. g3 Nd5 23. Bxc3 Nxc3 24. Ra1 Rb2 25. Rd3 a6 26. Re1 Rxb3 27. Kg2 Rb6 28. Rc1 Rbc6 29. Nd2 b6 30. Kf3 Kf8 31. h4 a5 32. Ne4 Nxe4 33. Rxc6 Rxc6 34. Kxe4 Ke7 35. d5 Rc4+ 36. Ke3 exd5 37. Rxd5 Rc5 0-1

[Event "BL 2425 Hamburger SK - USV TU Dresden"]
[Site "?"]
[Date "2025.04.27"]
[Round "15.1"]
[White "Nguyen, Thai Dai Van"]
[Black "Grandelius, Nils"]
[Result "1/2-1/2"]
[WhiteElo "2668"]
[BlackElo "2640"]
[PlyCount "55"]
[EventDate "2025.??.??"]

1. d4 d5 2. c4 c6 3. Nf3 Nf6 4. Nc3 e6 5. Bg5 h6 6. Bh4 Be7 7. e3 O-O 8. Qc2 Nbd7 9. a3 Ne8 10. Bg3 Nd6 11. cxd5 exd5 12. Bd3 Nf6 13. O-O Re8 14. h3 Nde4 15. Bh4 Bf5 16. Ne5 Nd7 17. Nxd7 Qxd7 18. Bxe4 Bxe4 19. Nxe4 dxe4 20. Bxe7 Rxe7 21. Rfd1 Rd8 22. Rac1 Re6 23. b4 a6 24. Qb1 Qe7 25. Kh2 Qc7+ 26. Kg1 Qe7 27. Kh2 Qc7+ 28. Kg1 1/2-1/2

[Event "BL 2425 Hamburger SK - USV TU Dresden"]
[Site "?"]
[Date "2025.04.27"]
[Round "15.2"]
[White "Svane, Frederik"]
[Black "Pechac, Jergus"]
[Result "1/2-1/2"]
[WhiteElo "2668"]
[BlackElo "2600"]
[PlyCount "120"]
[EventDate "2025.??.??"]

1. e4 d6 2. d4 Nf6 3. Nc3 g6 4. Be3 Bg7 5. Qd2 a6 6. O-O-O b5 7. f3 Nbd7 8. h4 h5 9. Nh3 Nb6 10. Qe1 Bxh3 11. Rxh3 Qc8 12. Kb1 Nfd7 13. f4 b4 14. Ne2 Nf6 15. f5 gxf5 16. exf5 Nbd5 17. Bg5 Qxf5 18. Ng3 Qe6 19. Qf2 Ng4 20. Qf3 c6 21. Be2 Bf6 22. Nxh5 Rxh5 23. Qxg4 Qxg4 24. Bxg4 Rh8 25. Bxf6 Nxf6 26. Bf3 Kd7 27. g4 Rag8 28. g5 Nd5 29. Rf1 Rg7 30. Kc1 e6 31. Be4 Ke7 32. Rff3 f5 33. gxf6+ Nxf6 34. Bxc6 Rg1+ 35. Kd2 d5 36. Rh2 Ne4+ 37. Ke2 Rhg8 38. h5 Rc1 39. Ba4 Rgg1 40. Ke3 Nf6 41. Re2 Nxh5 42. Ref2 Rce1+ 43. Kd3 Rd1+ 44. Rd2 Ng3 45. c3 Rxd2+ 46. Kxd2 Ne4+ 47. Kd3 bxc3 48. bxc3 Rg2 49. Bb3 Rd2+ 50. Ke3 Rh2 51. Kd3 a5 52. c4 Nd2 53. Re3 a4 54. cxd5 axb3 55. axb3 Nxb3 56. dxe6 Rd2+ 57. Kc3 Rxd4 58. Kxb3 Rd6 59. Kc3 Rxe6 60. Rxe6+ Kxe6 1/2-1/2

[Event "BL 2425 Hamburger SK - USV TU Dresden"]
[Site "?"]
[Date "2025.04.27"]
[Round "15.3"]
[White "Nisipeanu, Liviu-Dieter"]
[Black "Svane, Rasmus"]
[Result "1/2-1/2"]
[WhiteElo "2579"]
[BlackElo "2625"]
[PlyCount "41"]
[EventDate "2025.??.??"]

1. e4 e5 2. Nf3 Nc6 3. Bc4 Nf6 4. d3 Bc5 5. O-O d6 6. c3 a5 7. h3 h6 8. Be3 Bxe3 9. fxe3 Ne7 10. Qe1 Ng6 11. Qg3 Qe7 12. Nbd2 c6 13. a4 Be6 14. Bxe6 Qxe6 15. Nh4 Nxh4 16. Qxh4 O-O 17. Rf3 d5 18. Raf1 Nh7 19. Rf5 Rae8 20. Qg3 f6 21. exd5 1/2-1/2

[Event "BL 2425 Hamburger SK - USV TU Dresden"]
[Site "?"]
[Date "2025.04.27"]
[Round "15.4"]
[White "Papp, Gabor"]
[Black "Michalik, Peter"]
[Result "1/2-1/2"]
[WhiteElo "2502"]
[BlackElo "2563"]
[PlyCount "61"]
[EventDate "2025.??.??"]

1. e4 e5 2. Nf3 Nc6 3. Bc4 Nf6 4. d3 Be7 5. O-O O-O 6. Re1 d6 7. a4 Be6 8. Bxe6 fxe6 9. Nbd2 a5 10. c3 Qd7 11. Nf1 h6 12. Ng3 Rae8 13. Qb3 b6 14. h3 Nh7 15. Qb5 Nb8 16. b4 Qxb5 17. axb5 axb4 18. cxb4 c6 19. bxc6 Nxc6 20. b5 Nb4 21. Rd1 Ra8 22. Be3 Nc2 23. Rxa8 Rxa8 24. Bxb6 Rb8 25. Rc1 Rxb6 26. Rxc2 Rxb5 27. Rc7 Kf8 28. d4 Ng5 29. Nxg5 Bxg5 30. dxe5 Rxe5 31. Rd7 1/2-1/2

[Event "BL 2425 Hamburger SK - USV TU Dresden"]
[Site "?"]
[Date "2025.04.27"]
[Round "15.5"]
[White "Boensch, Uwe"]
[Black "Costa, Leonardo"]
[Result "0-1"]
[WhiteElo "2465"]
[BlackElo "2510"]
[PlyCount "76"]
[EventDate "2025.??.??"]

1. d4 d5 2. c4 e6 3. Nf3 Nf6 4. Nc3 c6 5. e3 a6 6. Ne5 Nbd7 7. f4 Bb4 8. Bd3 O-O 9. O-O dxc4 10. Bxc4 c5 11. a3 Bxc3 12. bxc3 b5 13. Qf3 Qc7 14. Nxd7 Bxd7 15. Bd3 cxd4 16. exd4 Bc6 17. Qe2 Rfe8 18. Bd2 Rac8 19. Rfe1 Nd5 20. Qe5 Bb7 21. Qh5 g6 22. Qh4 Nxc3 23. Rac1 Qd6 24. f5 Nd5 25. fxg6 hxg6 26. Re5 Rxc1+ 27. Bxc1 Qc6 28. Qg5 Rc8 29. Bb2 Qe8 30. Qg3 b4 31. axb4 Kf8 32. h4 Qa4 33. Be4 Qd1+ 34. Kh2 Qd2 35. Rxe6 fxe6 36. Qd6+ Kg7 37. Qd7+ Kf6 38. Qxb7 Rh8 0-1

[Event "BL 2425 Hamburger SK - USV TU Dresden"]
[Site "?"]
[Date "2025.04.27"]
[Round "15.6"]
[White "Lubbe, Nikolas"]
[Black "Tischbierek, Raj"]
[Result "1/2-1/2"]
[WhiteElo "2470"]
[BlackElo "2418"]
[PlyCount "64"]
[EventDate "2025.??.??"]

1. d4 Nf6 2. Nf3 d5 3. c4 e6 4. e3 Be7 5. b3 O-O 6. Bd3 c5 7. O-O cxd4 8. exd4 b6 9. Bb2 Bb7 10. Nbd2 Nc6 11. Rc1 Rc8 12. Qe2 Re8 13. Rfd1 Bf8 14. Nf1 g6 15. Ne3 h5 16. Ne5 dxc4 17. Bxc4 Nb4 18. a3 Nbd5 19. Bb5 Re7 20. Bc6 Rec7 21. Nxd5 Nxd5 22. Bxb7 Rxb7 23. Rxc8 Qxc8 24. Rc1 Rc7 25. Rxc7 Qxc7 26. Qc4 Bd6 27. Qxc7 Bxc7 28. Nc4 Kf8 29. Ne3 Nf4 30. Kf1 Bd6 31. b4 Ke7 32. g3 Nd5 1/2-1/2

[Event "BL 2425 Hamburger SK - USV TU Dresden"]
[Site "?"]
[Date "2025.04.27"]
[Round "15.7"]
[White "Loxine, Jakov"]
[Black "Kramer, Julian"]
[Result "1/2-1/2"]
[WhiteElo "2385"]
[BlackElo "2482"]
[PlyCount "84"]
[EventDate "2025.??.??"]

1. d4 Nf6 2. Nf3 g6 3. Bf4 Bg7 4. e3 O-O 5. Be2 d6 6. h3 c5 7. O-O Qb6 8. Nbd2 cxd4 9. exd4 Nd5 10. Nc4 Qc7 11. Bg3 b5 12. Ne3 Nxe3 13. fxe3 Qb6 14. c3 Nc6 15. Bf2 Rb8 16. e4 Qc7 17. Qd2 f5 18. exf5 Bxf5 19. Be3 Bd7 20. Bd3 Nd8 21. Qe2 Nf7 22. Rf2 a6 23. Raf1 Bc6 24. Ng5 Nxg5 25. Bxg5 e5 26. dxe5 Rxf2 27. Rxf2 dxe5 28. Be4 Qb7 29. Bxc6 Qxc6 30. Qf3 Qe6 31. Qe4 Qxa2 32. Qc6 Qc4 33. Qxa6 e4 34. Qa7 Re8 35. Qd7 Ra8 36. Be3 h5 37. Bd4 Bxd4 38. cxd4 Rf8 39. Rxf8+ Kxf8 40. Qd6+ Kf7 41. Qf4+ Kg7 42. Qxe4 Qc1+ 1/2-1/2

[Event "BL 2425 Hamburger SK - USV TU Dresden"]
[Site "?"]
[Date "2025.04.27"]
[Round "15.8"]
[White "Heinemann, Thies"]
[Black "Wong, Gengchun"]
[Result "1-0"]
[WhiteElo "2418"]
[BlackElo "2247"]
[PlyCount "67"]
[EventDate "2025.??.??"]

1. e4 c5 2. Nf3 d6 3. Bb5+ Nd7 4. Ba4 Ngf6 5. d3 e6 6. c4 Be7 7. Nc3 O-O 8. O-O Ne5 9. Nxe5 dxe5 10. a3 Bd7 11. Bc2 Bc6 12. Rb1 a5 13. f4 exf4 14. Bxf4 Nd7 15. e5 Bg5 16. Qh5 h6 17. Rbe1 g6 18. Qg4 Kg7 19. Re3 Bxf4 20. Rxf4 Qe7 21. Ne2 h5 22. Qg3 Rh8 23. h4 Rad8 24. Rf1 Nb6 25. Rf6 Nd7 26. Rf4 Nb6 27. Qf2 Nd7 28. d4 cxd4 29. Nxd4 Rhf8 30. Qe1 a4 31. Qg3 Nc5 32. Nxc6 bxc6 33. Rf6 Rd4 34. Rxg6+ 1-0

[Event "BL 2425 SG Solingen - SC Heimbach-Weis-N"]
[Site "?"]
[Date "2025.04.27"]
[Round "15.1"]
[White "Livaic, Leon"]
[Black "Warmerdam, Max"]
[Result "1-0"]
[WhiteElo "2536"]
[BlackElo "2622"]
[PlyCount "123"]
[EventDate "2025.??.??"]

1. d4 g6 2. e4 d6 3. Nf3 Bg7 4. Bc4 e6 5. O-O Ne7 6. Re1 b6 7. c3 Bb7 8. a4 a6 9. Na3 Nd7 10. Bd3 O-O 11. h3 h6 12. Nc4 d5 13. exd5 Nxd5 14. Qe2 c5 15. Nd6 Qc7 16. Nxb7 Qxb7 17. Bd2 cxd4 18. Nxd4 e5 19. Nc2 f5 20. Bc4 Kh7 21. Rad1 N5f6 22. Bc1 Rfe8 23. Nb4 Nc5 24. Be3 a5 25. Nd5 Nfe4 26. f3 Ng5 27. Bxc5 bxc5 28. h4 Ne6 29. h5 Qf7 30. Ne3 Rad8 31. Rxd8 Rxd8 32. Qc2 e4 33. fxe4 f4 34. hxg6+ Qxg6 35. Bxe6 Qxe6 36. e5+ Kh8 37. Qf5 Qb3 38. Ng4 Rd1 39. Rxd1 Qxd1+ 40. Kh2 Qe1 41. Qd3 f3 42. Qxf3 Bxe5+ 43. g3 Bg7 44. Qa8+ Kh7 45. Qg2 Qd1 46. Qe4+ Kh8 47. Qe6 Kh7 48. Qf5+ Kh8 49. Nf6 Bxf6 50. Qxf6+ Kh7 51. Qf7+ Kh8 52. Qf8+ Kh7 53. Qf5+ Kh8 54. Qxc5 Qe2+ 55. Kh3 Qf1+ 56. Kg4 Qe2+ 57. Kf4 Qxb2 58. Kf5 Qb7 59. Ke6 Qb3+ 60. Kf6 Qb8 61. Qe5 Qg8 62. Ke7+ 1-0

[Event "BL 2425 SG Solingen - SC Heimbach-Weis-N"]
[Site "?"]
[Date "2025.04.27"]
[Round "15.2"]
[White "L'Ami, Erwin"]
[Black "Kraemer, Martin"]
[Result "1/2-1/2"]
[WhiteElo "2618"]
[BlackElo "2577"]
[PlyCount "85"]
[EventDate "2025.??.??"]

1. d4 Nf6 2. c4 e6 3. Nf3 d5 4. Nc3 c5 5. cxd5 cxd4 6. Qxd4 exd5 7. Bg5 Be7 8. e3 O-O 9. Be2 h6 10. Bh4 Nc6 11. Qd3 Qb6 12. O-O Rd8 13. Rfd1 Qxb2 14. Rab1 Qa3 15. Bxf6 Bxf6 16. Nxd5 Qxd3 17. Nxf6+ gxf6 18. Rxd3 Bf5 19. Rxd8+ Nxd8 20. Rb2 Rc8 21. h3 Kf8 22. Nd4 Be6 23. f4 b6 24. Kf2 Rc5 25. a4 Nc6 26. Nb5 Ke7 27. Bf3 a5 28. Bxc6 Rxc6 29. Nd4 Rd6 30. Nxe6 Rxe6 31. Kf3 Rc6 32. Kg4 Kf8 33. Kf5 Kg7 34. Rb5 Rc4 35. Rxb6 Rc5+ 36. Kg4 Rc4 37. Ra6 Rxa4 38. Kf5 Ra2 39. g4 Rb2 40. Rxa5 Rh2 41. Ra6 Rxh3 42. e4 Rf3 43. Rb6 1/2-1/2

[Event "BL 2425 SG Solingen - SC Heimbach-Weis-N"]
[Site "?"]
[Date "2025.04.27"]
[Round "15.3"]
[White "Krejci, Jan"]
[Black "Ragger, Markus"]
[Result "1/2-1/2"]
[WhiteElo "2508"]
[BlackElo "2585"]
[PlyCount "41"]
[EventDate "2025.??.??"]

1. e4 e5 2. Nf3 Nc6 3. Nc3 Nf6 4. d4 exd4 5. Nxd4 Bb4 6. Nxc6 bxc6 7. Bd3 d5 8. exd5 O-O 9. O-O cxd5 10. Bg5 c6 11. Qf3 Bd6 12. Rae1 Rb8 13. Nd1 h6 14. Bxf6 Qxf6 15. Qxf6 gxf6 16. b3 Kg7 17. Ne3 Re8 18. Nf5+ Bxf5 19. Bxf5 Re5 20. Bd3 Rbe8 21. Rd1 1/2-1/2

[Event "BL 2425 SG Solingen - SC Heimbach-Weis-N"]
[Site "?"]
[Date "2025.04.27"]
[Round "15.4"]
[White "Andersen, Mads"]
[Black "Zilka, Stepan"]
[Result "0-1"]
[WhiteElo "2576"]
[BlackElo "2515"]
[PlyCount "168"]
[EventDate "2025.??.??"]

1. e4 c5 2. Nf3 d6 3. Bb5+ Nd7 4. c4 Ngf6 5. Nc3 g6 6. h3 Bg7 7. d3 O-O 8. Ba4 a6 9. Be3 b5 10. cxb5 Nb6 11. Bc2 axb5 12. Nxb5 Ba6 13. Nc3 d5 14. e5 Nfd7 15. Bf4 Qb8 16. O-O Nxe5 17. Kh1 d4 18. Ne4 Nbd7 19. Bxe5 Bxe5 20. Ba4 Bxd3 21. Re1 Bxe4 22. Rxe4 Bf6 23. Bxd7 Qb7 24. Qd3 Qxd7 25. Nd2 Rfb8 26. b3 Ra3 27. Ree1 Qa7 28. Ne4 Rxa2 29. Rac1 Ra5 30. Qc4 Qa6 31. Nxc5 Qxc4 32. Rxc4 Rc8 33. Rec1 Bg5 34. Ne4 Rd8 35. Rc8 Rxc8 36. Rxc8+ Kg7 37. Rd8 Ra1+ 38. Kh2 Bf4+ 39. g3 Be5 40. Rd5 f6 41. f4 Re1 42. Nc5 Bd6 43. b4 Re2+ 44. Kh1 Bxc5 45. bxc5 Rc2 46. Rxd4 Rxc5 47. Kg2 g5 48. Re4 Kf7 49. Re3 h5 50. fxg5 Rxg5 51. Re4 Rd5 52. Ra4 Rd2+ 53. Kf3 Rd3+ 54. Kg2 Kg6 55. Ra8 h4 56. gxh4 e5 57. Rg8+ Kf5 58. h5 Rd7 59. Kg3 Rh7 60. Kh4 e4 61. Rg1 Rh8 62. Rf1+ Ke5 63. Kg4 Rg8+ 64. Kh4 f5 65. h6 f4 66. Ra1 f3 67. h7 Rh8 68. Kg3 Rxh7 69. Ra5+ Kd4 70. Ra4+ Kd3 71. Ra3+ Kd2 72. Ra2+ Kc3 73. Ra3+ Kc2 74. Re3 Rf7 75. Kf2 Rf4 76. Ra3 Kd2 77. Re3 Rh4 78. Re1 Kd3 79. Rd1+ Kc2 80. Re1 Kc3 81. Ke3 Rxh3 82. Rc1+ Kb2 83. Rf1 Rh4 84. Re1 Rh2 0-1

[Event "BL 2425 SG Solingen - SC Heimbach-Weis-N"]
[Site "?"]
[Date "2025.04.27"]
[Round "15.5"]
[White "Ferreira, Jorge Viterbo"]
[Black "Van Wely, Loek"]
[Result "0-1"]
[WhiteElo "2549"]
[BlackElo "2608"]
[PlyCount "72"]
[EventDate "2025.??.??"]

1. e4 c5 2. Nf3 e6 3. d4 cxd4 4. Nxd4 Nc6 5. Nc3 a6 6. Nxc6 bxc6 7. Bd3 d5 8. O-O Nf6 9. Re1 Be7 10. Qf3 O-O 11. Bf4 a5 12. e5 Nd7 13. Qh3 g6 14. Na4 Nb6 15. Nxb6 Qxb6 16. Rab1 Ba6 17. Re3 Rfb8 18. Qh6 Bf8 19. Qh4 Qd4 20. Bxa6 Rxa6 21. b3 a4 22. Bg5 Qc5 23. Re2 Qa3 24. Qd4 Qxa2 25. Qd1 Rab6 26. Be3 R6b7 27. g3 axb3 28. cxb3 Qa3 29. Bc1 Qa6 30. Reb2 c5 31. Qc2 Rb5 32. Qe2 Qb7 33. Qc2 h5 34. h4 Bg7 35. Qe2 d4 36. Bf4 Qd5 0-1

[Event "BL 2425 SG Solingen - SC Heimbach-Weis-N"]
[Site "?"]
[Date "2025.04.27"]
[Round "15.6"]
[White "Smeets, Jan"]
[Black "Kosakowski, Jakub"]
[Result "0-1"]
[WhiteElo "2568"]
[BlackElo "2522"]
[PlyCount "78"]
[EventDate "2025.??.??"]

1. e4 c5 2. Nf3 d6 3. Bb5+ Nd7 4. a4 Ngf6 5. Nc3 g6 6. e5 dxe5 7. Nxe5 a6 8. Nxd7 Nxd7 9. Be2 Bg7 10. a5 O-O 11. d3 b5 12. axb6 Bb7 13. O-O Qxb6 14. Bf3 Ne5 15. Bxb7 Qxb7 16. Qe2 Rfd8 17. Ra4 Nc6 18. Rc4 Nd4 19. Qd1 Rac8 20. Na4 Qb5 21. b3 Nf5 22. Nb2 Nd6 23. Ra4 Bxb2 24. Bxb2 c4 25. dxc4 Qf5 26. Qe2 Ne4 27. f3 Nd2 28. Rc1 Qg5 29. Rd1 Rc6 30. Bc3 Nxf3+ 31. Kh1 Rxd1+ 32. Qxd1 Rd6 33. Qf1 Nxh2 34. Kxh2 Qh6+ 35. Kg3 Qg5+ 36. Kh3 Qh5+ 37. Kg3 Qg5+ 38. Kh3 Re6 39. Be1 Qc1 0-1

[Event "BL 2425 SG Solingen - SC Heimbach-Weis-N"]
[Site "?"]
[Date "2025.04.27"]
[Round "15.7"]
[White "Winterberg, Lukas"]
[Black "Halvax, Georg"]
[Result "1/2-1/2"]
[WhiteElo "2425"]
[BlackElo "2441"]
[PlyCount "40"]
[EventDate "2025.??.??"]

1. d4 d5 2. Nf3 Nf6 3. c4 e6 4. g3 dxc4 5. Bg2 c5 6. O-O Nc6 7. dxc5 Qxd1 8. Rxd1 Bxc5 9. Nbd2 c3 10. bxc3 e5 11. Ng5 Bf5 12. Nge4 Nxe4 13. Nxe4 Bxe4 14. Bxe4 Rd8 15. Rd5 Rxd5 16. Bxd5 Kd7 17. e3 f6 18. c4 Kc7 19. Bd2 Rd8 20. Bc3 h6 1/2-1/2

[Event "BL 2425 SG Solingen - SC Heimbach-Weis-N"]
[Site "?"]
[Date "2025.04.27"]
[Round "15.8"]
[White "Wegerle, Joerg"]
[Black "Tica, Sven"]
[Result "0-1"]
[WhiteElo "2413"]
[BlackElo "2436"]
[PlyCount "142"]
[EventDate "2025.??.??"]

1. Nf3 g6 2. d4 Bg7 3. e4 d6 4. Nc3 a6 5. Be3 Nd7 6. Be2 e6 7. Qd2 h6 8. d5 e5 9. g4 b5 10. a3 Ngf6 11. h3 Nc5 12. Bxc5 dxc5 13. Qe3 Qd6 14. Nd2 Bd7 15. Nb3 Bf8 16. a4 Rb8 17. axb5 axb5 18. O-O Be7 19. Ra7 c4 20. Na5 Qc5 21. Qxc5 Bxc5 22. Ra6 Bb6 23. Nc6 Bxc6 24. dxc6 Ke7 25. Rd1 Bd4 26. Nd5+ Nxd5 27. exd5 Bxb2 28. d6+ cxd6 29. Bf3 Bd4 30. Bd5 Ra8 31. Rxa8 Rxa8 32. Rb1 Ra5 33. Kg2 f5 34. gxf5 gxf5 35. f3 Kd8 36. Kg3 Kc7 37. Kh4 Be3 38. Kh5 c3 39. Rb4 Kb6 40. Kg6 Ra7 41. Rb3 Bd2 42. Kxf5 Kc5 43. Ke6 b4 44. Rb1 Bg5 45. Rd1 Re7+ 46. Kf5 Bd2 47. Ke4 Ra7 48. Rg1 Bg5 49. Rb1 Ra8 50. Be6 Bd8 51. Rg1 Bc7 52. Rg7 Kb6 53. Bd5 Ra1 54. Kf5 Rd1 55. Ke6 Rd2 56. Bb3 Kxc6 57. Rg4 Kb5 58. Rc4 Bb6 59. Rc8 Rd4 60. Kd7 Bc5 61. Rb8+ Bb6 62. Rc8 d5 63. Kd6 e4 64. Ra8 Rd1 65. Ba4+ Kc4 66. Bb3+ Kd4 67. Bxd5 b3 68. Bxb3 exf3 69. Kc6 f2 70. Ra4+ Ke3 71. Bc4 Rd4 0-1

[Event "BL 2425 Düsseldorfer SK - SC Viernheim"]
[Site "?"]
[Date "2025.04.27"]
[Round "15.2"]
[White "So, Wesley"]
[Black "Mamedyarov, Shakhriyar"]
[Result "1-0"]
[WhiteElo "2748"]
[BlackElo "2748"]
[PlyCount "59"]
[EventDate "2025.??.??"]

1. e4 c5 2. Nf3 e6 3. d4 cxd4 4. Nxd4 a6 5. Bd3 Bc5 6. Nb3 Ba7 7. Qe2 Ne7 8. c4 Nbc6 9. Nc3 O-O 10. Be3 d6 11. O-O e5 12. Bxa7 Rxa7 13. Qe3 Be6 14. Rad1 b6 15. Rd2 a5 16. Rfd1 a4 17. Na1 Nd4 18. Nc2 Nec6 19. Nb5 Nxb5 20. cxb5 Na5 21. Nb4 Rd7 22. Nc6 Qc7 23. Nxa5 bxa5 24. b6 Qc5 25. Ba6 Qc6 26. Rd3 d5 27. exd5 Rxd5 28. Rc1 Qd6 29. Rxd5 Bxd5 30. Qc5 1-0

[Event "BL 2425 Düsseldorfer SK - SC Viernheim"]
[Site "?"]
[Date "2025.04.27"]
[Round "15.3"]
[White "Maghsoodloo, Parham"]
[Black "Giri, Anish"]
[Result "1/2-1/2"]
[WhiteElo "2684"]
[BlackElo "2738"]
[PlyCount "76"]
[EventDate "2025.??.??"]

1. c4 Nf6 2. Nf3 e6 3. g3 d5 4. Bg2 Be7 5. O-O O-O 6. b3 c5 7. Bb2 Nc6 8. e3 d4 9. exd4 cxd4 10. Re1 a5 11. Na3 Bd6 12. Rc1 e5 13. c5 Bc7 14. Nc4 Re8 15. d3 Bf5 16. a3 Nd7 17. Nh4 Be6 18. Nd2 Nf6 19. Nhf3 Bf5 20. Qc2 h6 21. Nh4 Be6 22. Re2 Bg4 23. Nhf3 Qd7 24. Ree1 Re7 25. Nc4 Rae8 26. Nfd2 Bh3 27. Bh1 h5 28. b4 axb4 29. axb4 Nxb4 30. Qb3 Nc6 31. Qxb7 Na5 32. c6 Qf5 33. Qb4 Nxc4 34. Nxc4 Qxd3 35. Rcd1 Qc2 36. Rc1 Qd3 37. Rcd1 Qc2 38. Na3 Qf5 1/2-1/2

[Event "BL 2425 Düsseldorfer SK - SC Viernheim"]
[Site "?"]
[Date "2025.04.27"]
[Round "15.4"]
[White "Sindarov, Javokhir"]
[Black "Sarana, Alexey"]
[Result "1/2-1/2"]
[WhiteElo "2706"]
[BlackElo "2672"]
[PlyCount "36"]
[EventDate "2025.??.??"]

1. e4 e5 2. Nf3 Nc6 3. Bc4 Nf6 4. d3 Be7 5. O-O d6 6. a3 Be6 7. Nc3 O-O 8. Nd5 h6 9. Re1 a5 10. h3 Re8 11. c3 a4 12. d4 Bd7 13. dxe5 dxe5 14. Bb5 Nb8 15. Bc4 Nc6 16. Bb5 Nb8 17. Bc4 Nc6 18. Bb5 Nb8 1/2-1/2

[Event "BL 2425 Düsseldorfer SK - SC Viernheim"]
[Site "?"]
[Date "2025.04.27"]
[Round "15.5"]
[White "Anton Guijarro, David"]
[Black "Van Foreest, Jorden"]
[Result "1/2-1/2"]
[WhiteElo "2639"]
[BlackElo "2681"]
[PlyCount "91"]
[EventDate "2025.??.??"]

1. d4 Nf6 2. Nf3 e6 3. c4 h6 4. e3 d5 5. Nc3 Bd6 6. Qc2 a6 7. b3 b6 8. cxd5 exd5 9. Bd3 Bb7 10. O-O Nbd7 11. Ne2 Qe7 12. Bb2 O-O-O 13. Rac1 Kb8 14. b4 h5 15. a3 h4 16. h3 Ne4 17. Ne5 Nxe5 18. dxe5 Bxe5 19. Bxe5 Qxe5 20. Nd4 c5 21. bxc5 Nxc5 22. Rb1 Qd6 23. Rb4 Rc8 24. Rfb1 b5 25. Bf1 Ne4 26. Qb2 Nc3 27. Bxb5 Nxb1 28. Bc6 Rxc6 29. Rxb7+ Ka8 30. Nxc6 Qxc6 31. Rb6 Qc4 32. Qxb1 Rc8 33. Rd6 Rc6 34. Rd8+ Rc8 35. Rd6 Rc6 36. Rd8+ Rc8 37. Qb6 Rxd8 38. Qxd8+ Kb7 39. Qd7+ Kb6 40. Qxf7 Qc1+ 41. Kh2 Qxa3 42. Qe6+ Kc7 43. Qf7+ Kc6 44. Qe8+ Kc7 45. Qf7+ Kc6 46. Qe8+ 1/2-1/2

[Event "BL 2425 Düsseldorfer SK - SC Viernheim"]
[Site "?"]
[Date "2025.04.27"]
[Round "15.6"]
[White "Esipenko, Andrey"]
[Black "Korobov, Anton"]
[Result "1/2-1/2"]
[WhiteElo "2696"]
[BlackElo "2626"]
[PlyCount "50"]
[EventDate "2025.??.??"]

1. d4 Nf6 2. c4 e6 3. Nc3 d5 4. cxd5 exd5 5. Bg5 Be7 6. e3 h6 7. Bh4 O-O 8. Bd3 Re8 9. Nf3 c6 10. O-O Nbd7 11. Nd2 b6 12. Bg3 Bb7 13. h3 a6 14. Re1 c5 15. dxc5 Nxc5 16. Bf1 Rc8 17. Be5 Nfe4 18. Ndxe4 dxe4 19. Qg4 Bf6 20. Rad1 Qe7 21. Bxf6 Qxf6 22. Rd4 b5 23. Red1 Qe5 24. a4 bxa4 25. Nxa4 Nxa4 1/2-1/2

[Event "BL 2425 Düsseldorfer SK - SC Viernheim"]
[Site "?"]
[Date "2025.04.27"]
[Round "15.7"]
[White "Amin, Bassem"]
[Black "Sadhwani, Raunak"]
[Result "1/2-1/2"]
[WhiteElo "2648"]
[BlackElo "2665"]
[PlyCount "40"]
[EventDate "2025.??.??"]

1. Nf3 d5 2. g3 g6 3. c4 dxc4 4. Na3 Bg7 5. Nxc4 Nc6 6. d3 e5 7. Bd2 Nge7 8. b4 b5 9. Na5 Nxa5 10. bxa5 Bb7 11. Bg2 e4 12. a6 Bd5 13. dxe4 Bxe4 14. Rc1 O-O 15. O-O c6 16. a4 bxa4 17. Qxa4 Bxf3 18. Ba5 Qc8 19. Bxf3 Qxa6 20. Rfd1 Rfd8 1/2-1/2

[Event "BL 2425 Düsseldorfer SK - SC Viernheim"]
[Site "?"]
[Date "2025.04.27"]
[Round "15.8"]
[White "Bologan, Victor"]
[Black "Wagner, Dennis"]
[Result "0-1"]
[WhiteElo "2605"]
[BlackElo "2607"]
[PlyCount "62"]
[EventDate "2025.??.??"]

1. e4 e5 2. Nf3 Nc6 3. Bb5 a6 4. Ba4 Nf6 5. d3 Bc5 6. c3 d6 7. Bg5 h6 8. Bh4 g5 9. Bg3 O-O 10. Nbd2 Nh5 11. Bxc6 bxc6 12. d4 exd4 13. Nxd4 Ng7 14. h4 f5 15. Qb3+ Rf7 16. hxg5 Qxg5 17. Nxc6 Be6 18. Qb7 Re8 19. Nf3 Qg6 20. Nce5 dxe5 21. Nxe5 Qg5 22. Qc6 f4 23. Nxf7 Bxf7 24. Bh4 Qh5 25. f3 Be7 26. O-O-O Bxh4 27. Rh2 Qg5 28. Rdh1 Bf2 29. Rxh6 Nh5 30. Qxa6 Kg7 31. Rc6 Qxg2 {0-} 0-1